01714nam a2200277 a 450000100100000000500170001000800410002704000250006824501020009326000870019530000170028249000400029950501450033950000730048470000320055770000410058983000470063095201060067795201060078395201060088995201060099595201060110195201060120795201060131399900170141900004114420201002034644.0130625s1986 sp 000 0 spa d aDO-SdBNPbspacBNPHU13aEl codice de profetas de El Cairo /cCarmen Muñoz Abad...[et.al] ; edición F. Pérez Castro. aMadrid :bConsejo Superior de Investigaciones Científicas Pérez Castro,c1986. av. ;c29 cm.1 aTextos y estudios Cardenal Cisneros0 av. 1tJosue,Juecesgv. 2tSamuelgv. 3tReyesgv.4tEzequielgv. 5tIsaiasgv. 7tProfetas menoresgv. 8tÍndice alfabetico de sus mesoras aIncluye referencias bibliográficas y notas al pie de las páginas1 aMuñoz Abad, Carmen9676891 aPérez Castro, Federicoeed.965433 0aTextos y estudios Cardenal Cisneros965577 0010507-18MOaGRbGRcOId2013-09-19iLF1l0o p41144-10r2020-06-25w2020-06-25y1ZNo se presta 0010507-18MOaGRbGRcOId2013-09-20iLF1l0o p41144-20r2020-06-25w2020-06-25y1ZNo se presta 0010507-18MOaGRbGRcOId2013-09-20iLF1l0o p41144-30r2020-06-25w2020-06-25y1ZNo se presta 0010507-18MOaGRbGRcOId2013-09-20iLF1l0o p41144-40r2020-06-25w2020-06-25y1ZNo se presta 0010507-18MOaGRbGRcOId2013-09-26iLF1l0o p41144-50r2020-06-25w2020-06-25y1ZNo se presta 0010507-18MOaGRbGRcOId2013-09-26iLF1l0o p41144-60r2020-06-25w2020-06-25y1ZNo se presta 0010507-18MOaGRbGRcOId2013-09-26iLF1l0o p41144-70r2020-06-25w2020-06-25y1ZNo se presta c40634d40634